[Event "6MCRV_F"]
[Site "?"]
[Date "2006.??.??"]
[Round "?"]
[White "Schwarz, Jan"]
[Black "Hladecek, Miloslav"]
[Result "1/2-1/2"]
[WhiteElo "2286"]
[BlackElo "2306"]
[PlyCount "61"]
[EventDate "2006.??.??"]
[EventType "corr"]
[SourceDate "2006.09.12"]

1. c4 e5 2. Nc3 Nf6 3. Nf3 Nc6 4. g3 Bc5 5. Bg2 d6 6. O-O O-O 7. d3 h6 8. e3
Bf5 9. a3 Bb6 10. b4 Qc8 11. Bb2 Bg4 12. Qc2 Bh3 13. c5 dxc5 14. b5 Na5 15.
Nxe5 Bxg2 16. Kxg2 a6 17. bxa6 Rxa6 18. Rab1 Qe6 19. Ne2 Re8 20. Rfd1 Qd6 21.
Nf3 Nc6 22. d4 cxd4 23. Nexd4 Nxd4 24. Nxd4 Qd5+ 25. Nf3 Qe6 26. Rd3 Ne4 27.
Rbd1 f6 28. Rd8 Nd6 29. Rxe8+ Qxe8 30. Bc3 Kh8 31. Bb4 1/2-1/2

[Event "6MCRV_F"]
[Site "?"]
[Date "2006.??.??"]
[Round "?"]
[White "Hladecek, Miloslav"]
[Black "Jirku, Jaroslav"]
[Result "1/2-1/2"]
[WhiteElo "2306"]
[BlackElo "2278"]
[PlyCount "58"]
[EventDate "2006.??.??"]
[EventType "corr"]
[SourceDate "2006.09.12"]

1. e4 e5 2. Nf3 Nc6 3. Bc4 Nf6 4. Ng5 d5 5. exd5 Na5 6. Bb5+ c6 7. dxc6 bxc6 8.
Be2 h6 9. Nf3 e4 10. Ne5 Bc5 11. O-O Qd6 12. d4 Qxd4 13. Qxd4 Bxd4 14. Nc4 Nxc4
15. Bxc4 O-O 16. Nc3 Bxc3 17. bxc3 Nd5 18. Bd2 a5 19. Rfe1 Bf5 20. a4 Rfd8 21.
Bb3 c5 22. c4 Nc7 23. Bc3 f6 24. Rad1 Rxd1 25. Rxd1 Kf8 26. h4 Ke7 27. Bb2 Ne6
28. Rd5 Bg6 29. Ba3 Rc8 1/2-1/2

[Event "6MCRV_F"]
[Site "?"]
[Date "2006.??.??"]
[Round "?"]
[White "Priesol, Daniel"]
[Black "Schwarz, Jan"]
[Result "0-1"]
[WhiteElo "2288"]
[BlackElo "2286"]
[PlyCount "120"]
[EventDate "2006.??.??"]
[EventType "corr"]
[SourceDate "2006.09.12"]

1. e4 e5 2. Nf3 Nc6 3. Nc3 Nf6 4. Bb5 Nd4 5. Ba4 c6 6. Nxe5 d6 7. Nf3 Bg4 8. d3
d5 9. O-O Qa5 10. exd5 O-O-O 11. Bd2 Rxd5 12. Bb3 Bxf3 13. Nxd5 Qxd5 14. gxf3
Qxf3 15. Re1 Bd6 16. Qxf3 Nxf3+ 17. Kg2 Nxd2 18. Bxf7 Rf8 19. Be6+ Kd8 20. Rad1
Bf4 21. Re2 Re8 22. f3 Nd5 23. Kf2 Bg5 24. Rdxd2 Rxe6 25. Rxe6 Bxd2 26. Re4 Bc1
27. b3 Bb2 28. a4 Bf6 29. Ke1 Kd7 30. Kd2 c5 31. Ke1 g5 32. Kf2 Kd6 33. Re8 Nb4
34. Rf8 Bd4+ 35. Kg3 Nxc2 36. Rf7 h5 37. f4 gxf4+ 38. Kxf4 Kc6 39. Ke4 Na1 40.
b4 Nb3 41. b5+ Kb6 42. Kd5 a6 43. bxa6 bxa6 44. h4 Ka5 45. Rf5 Kxa4 46. Rxh5
Kb4 47. Rf5 a5 48. Rf8 Nc1 49. Rb8+ Kc3 50. h5 Nxd3 51. h6 Nb4+ 52. Ke4 Kb3 53.
Rb5 a4 54. Rxc5 Bb2 55. Ra5 a3 56. h7 a2 57. Kf5 a1=Q 58. Rxa1 Bxa1 59. h8=Q
Bxh8 60. Ke4 Kc4 0-1

[Event "6MCRV_F"]
[Site "?"]
[Date "2006.??.??"]
[Round "?"]
[White "Pytlik, Lesek"]
[Black "Trs, Jan"]
[Result "1-0"]
[WhiteElo "2403"]
[BlackElo "2252"]
[PlyCount "61"]
[EventDate "2006.??.??"]
[EventType "corr"]
[SourceDate "2006.09.12"]

1. e4 c5 2. Nf3 d6 3. d4 cxd4 4. Nxd4 Nf6 5. Nc3 e6 6. g4 a6 7. g5 Nfd7 8. h4
b5 9. a3 Bb7 10. Be3 d5 11. exd5 b4 12. axb4 Bxb4 13. dxe6 Bxh1 14. exf7+ Kxf7
15. Bc4+ Ke8 16. Nf5 Qc7 17. Nxg7+ Ke7 18. Qe2 Bxc3+ 19. bxc3 Qb7 20. g6 Kd8
21. Qh5 Qb2 22. Qa5+ Kc8 23. Ne6 Qb7 24. g7 Rg8 25. Nd8 Qc7 26. Qxc7+ Kxc7 27.
Bxg8 Nf6 28. Ne6+ Kd6 29. Rd1+ Bd5 30. Nf4 Nxg8 31. Rxd5+ 1-0

[Event "6MCRV_F"]
[Site "?"]
[Date "2006.??.??"]
[Round "?"]
[White "Hladecek, Miloslav"]
[Black "Valak, Alois"]
[Result "1-0"]
[WhiteElo "2306"]
[BlackElo "2354"]
[PlyCount "71"]
[EventDate "2006.??.??"]
[EventType "corr"]
[SourceDate "2006.09.12"]

1. e4 e5 2. Nf3 Nc6 3. Bc4 Bc5 4. O-O Nf6 5. d3 d6 6. Nc3 Bg4 7. Na4 Nd4 8.
Nxc5 dxc5 9. Bxf7+ Ke7 10. c3 Nxf3+ 11. gxf3 Bh3 12. Bc4 Bxf1 13. Qxf1 Qe8 14.
Be3 b6 15. Kh1 Qh5 16. Qg2 Raf8 17. Qg3 Ne8 18. f4 exf4 19. Bxf4 h6 20. Re1 Nd6
21. Bxd6+ cxd6 22. f4 g5 23. f5 Qh4 24. Qxh4 gxh4 25. Rg1 Rh7 26. Bg8 Rh8 27.
Rg7+ Kf6 28. Rg6+ Ke7 29. Bd5 Rh7 30. Re6+ Kd7 31. Kg2 Rg8+ 32. Kh3 Rg1 33. Bc4
Rg5 34. d4 cxd4 35. cxd4 b5 36. Bxb5+ 1-0

[Event "6MCRV_F"]
[Site "?"]
[Date "2006.??.??"]
[Round "?"]
[White "Kuta, Jiri"]
[Black "Pytlik, Lesek"]
[Result "1/2-1/2"]
[WhiteElo "2308"]
[BlackElo "2408"]
[PlyCount "75"]
[EventDate "2006.??.??"]
[EventType "corr"]
[SourceDate "2006.09.12"]

1. e4 e6 2. d4 d5 3. Nc3 Bb4 4. e5 c5 5. a3 Ba5 6. b4 cxd4 7. Nb5 Bc7 8. f4 Ne7
9. Nf3 Bd7 10. Nxc7+ Qxc7 11. Bd3 Ba4 12. O-O a6 13. Nxd4 Nbc6 14. Nxc6 Qxc6
15. Be3 g6 16. Qf3 Bb5 17. Qf2 O-O 18. Rac1 Rfe8 19. Rfe1 Rac8 20. Bc5 Bc4 21.
g4 Qb5 22. Re3 Bxd3 23. Rxd3 Qc4 24. Rcd1 a5 25. c3 axb4 26. cxb4 Nc6 27. Rf3
Nb8 28. Qe3 Nd7 29. Bd4 b5 30. Rff1 Qc7 31. Rc1 Qb8 32. Rxc8 Rxc8 33. f5 Qc7
34. f6 Kf8 35. Qh6+ Ke8 36. Qxh7 Qc4 37. Qh8+ Nf8 38. Bc5 1/2-1/2

[Event "6MCRV_F"]
[Site "?"]
[Date "2006.??.??"]
[Round "?"]
[White "Sykora, Josef"]
[Black "Trs, Jan"]
[Result "1/2-1/2"]
[WhiteElo "2374"]
[BlackElo "2252"]
[PlyCount "67"]
[EventDate "2006.??.??"]
[EventType "corr"]
[SourceDate "2006.09.12"]

1. c4 e5 2. Nc3 Nc6 3. Nf3 Nf6 4. g3 Bb4 5. Bg2 O-O 6. O-O e4 7. Ng5 Bxc3 8.
bxc3 Re8 9. f3 e3 10. d3 d5 11. Qb3 Na5 12. Qa3 c6 13. cxd5 cxd5 14. f4 Nc6 15.
Rb1 Qc7 16. Bb2 Bg4 17. Rfe1 Rad8 18. Qa4 h6 19. Nf3 Qd7 20. c4 dxc4 21. Bxf6
gxf6 22. Qxc4 b6 23. Qb5 Qd6 24. Rec1 Rc8 25. Rc4 Bxf3 26. Bxf3 Nd4 27. Qh5 f5
28. Bb7 Rc5 29. Rbc1 Kg7 30. Kg2 Rxc4 31. dxc4 Qa3 32. Bd5 Re7 33. Rd1 Qb2 34.
Rxd4 1/2-1/2

[Event "6MCRV_F"]
[Site "?"]
[Date "2006.??.??"]
[Round "?"]
[White "Pecka, Josef"]
[Black "Jirku, Jaroslav"]
[Result "0-1"]
[WhiteElo "2261"]
[BlackElo "2278"]
[PlyCount "46"]
[EventDate "2006.??.??"]
[EventType "corr"]
[SourceDate "2006.09.12"]

1. e4 e5 2. f4 exf4 3. Bc4 d5 4. Bxd5 Qh4+ 5. Kf1 g5 6. Nc3 Bg7 7. d4 Ne7 8. g3
Qh6 9. h4 Nbc6 10. Nb5 Nxd5 11. exd5 O-O 12. Nf3 Nb4 13. Nxc7 Bg4 14. Nxa8 Nxc2
15. Qxc2 Bxf3 16. Rg1 Rxa8 17. Qd3 Qh5 18. gxf4 Re8 19. Rxg5 Be2+ 20. Kf2 Qxg5
21. Qxh7+ Kxh7 22. hxg5 Bxd4+ 23. Kg3 Bc4 0-1

[Event "6MCRV_F"]
[Site "?"]
[Date "2006.??.??"]
[Round "?"]
[White "Kostal, Jindrich"]
[Black "Kuta, Jiri"]
[Result "1-0"]
[WhiteElo "2391"]
[BlackElo "2308"]
[PlyCount "109"]
[EventDate "2006.??.??"]
[EventType "corr"]
[SourceDate "2006.09.12"]

1. e4 e5 2. Nf3 Nc6 3. Bb5 a6 4. Ba4 Nf6 5. O-O Be7 6. Re1 b5 7. Bb3 O-O 8. h3
Bb7 9. d3 d6 10. a3 Nd7 11. Nc3 Nd4 12. Nxd4 exd4 13. Nd5 Bh4 14. Nf4 Re8 15.
Bd2 g6 16. Ba5 Qf6 17. g3 Ne5 18. Rf1 c6 19. c3 dxc3 20. Bxc3 Bg5 21. Nh5 Qf3
22. Qxf3 Nxf3+ 23. Kg2 Nd4 24. Bxd4 gxh5 25. h4 Bh6 26. Rfe1 c5 27. Bc3 a5 28.
f3 a4 29. Ba2 Rad8 30. Kf2 Bc6 31. Rad1 Rb8 32. d4 b4 33. axb4 cxb4 34. Bd2
Bxd2 35. Rxd2 Kg7 36. Rc1 Rec8 37. Rdc2 b3 38. Bxb3 Rxb3 39. d5 Bb7 40. Rxc8
Bxc8 41. Rxc8 Rxb2+ 42. Ke3 a3 43. Ra8 a2 44. Ra7 Rg2 45. Ra6 Kf8 46. Kf4 Ke8
47. e5 dxe5+ 48. Kxe5 Kd7 49. Ra7+ Kc8 50. Kf6 Kb8 51. Ra4 Kc7 52. Ke7 Re2+ 53.
Kxf7 Kd6 54. f4 Rb2 55. Ra5 1-0

[Event "6MCRV_F"]
[Site "?"]
[Date "2006.??.??"]
[Round "?"]
[White "Trs, Jan"]
[Black "Kuchta, Jiri"]
[Result "0-1"]
[WhiteElo "2252"]
[BlackElo "2240"]
[PlyCount "88"]
[EventDate "2006.??.??"]
[EventType "corr"]
[SourceDate "2006.09.12"]

1. d4 d5 2. c4 c6 3. Nf3 Nf6 4. Nc3 dxc4 5. a4 Bf5 6. Ne5 e6 7. f3 Bb4 8. e4
Bxe4 9. fxe4 Nxe4 10. Bd2 Qxd4 11. Nxe4 Qxe4+ 12. Qe2 Bxd2+ 13. Kxd2 Qd5+ 14.
Kc2 Na6 15. Nxc4 O-O 16. Qe5 Rfd8 17. Be2 f6 18. Qxd5 cxd5 19. Na5 Rac8+ 20.
Kd1 Nb4 21. Nxb7 Rd7 22. Na5 Rdc7 23. Nb3 Kf7 24. Rc1 Rxc1+ 25. Nxc1 e5 26. Nd3
Rb8 27. Nc5 Nc6 28. b3 Nd4 29. Kd2 a5 30. Rc1 Rxb3 31. Nxb3 Nxb3+ 32. Kc2 Nxc1
33. Kxc1 Ke6 34. Kd2 e4 35. g3 f5 36. Ba6 g5 37. Bc8+ Ke5 38. Ke1 f4 39. Kd2 f3
40. Ba6 g4 41. Bf1 d4 42. Bc4 h5 43. Ba6 Kd6 44. Bb7 e3+ 0-1

[Event "6MCRV_F"]
[Site "?"]
[Date "2006.??.??"]
[Round "?"]
[White "Trs, Jan"]
[Black "Valak, Alois"]
[Result "1-0"]
[WhiteElo "2252"]
[BlackElo "2354"]
[PlyCount "67"]
[EventDate "2006.??.??"]
[EventType "corr"]
[SourceDate "2006.09.12"]

1. c4 e5 2. Nc3 Nc6 3. Nf3 Nf6 4. g3 d5 5. cxd5 Nxd5 6. Bg2 Nb6 7. O-O Be7 8.
a3 O-O 9. b4 Be6 10. d3 Nd4 11. Bb2 Nxf3+ 12. Bxf3 c6 13. Ne4 Nd7 14. Qc2 f5
15. Nd2 e4 16. dxe4 f4 17. Nc4 c5 18. Qc3 Rf7 19. b5 Qc7 20. Rfd1 a6 21. a4
fxg3 22. hxg3 Nb6 23. Bh5 Rf6 24. Ne3 axb5 25. axb5 Raf8 26. Ng4 Bxg4 27. Bxg4
Kh8 28. f4 Rd8 29. Bf5 Rxd1+ 30. Rxd1 Qb8 31. Ba1 Kg8 32. Be6+ Kh8 33. f5 h6
34. Kg2 1-0

[Event "6MCRV_F"]
[Site "?"]
[Date "2006.??.??"]
[Round "?"]
[White "Pytlik, Lesek"]
[Black "Valak, Alois"]
[Result "1/2-1/2"]
[WhiteElo "2403"]
[BlackElo "2354"]
[PlyCount "78"]
[EventDate "2006.??.??"]
[EventType "corr"]
[SourceDate "2006.09.12"]

1. Nf3 Nf6 2. g3 c5 3. Bg2 Nc6 4. O-O e5 5. e4 Be7 6. d3 d6 7. Nc3 O-O 8. h3
Nd4 9. a4 Be6 10. Kh2 Re8 11. Ng1 d5 12. exd5 Nxd5 13. Nxd5 Bxd5 14. Nf3 f6 15.
Re1 Rc8 16. c4 Bc6 17. Nxd4 Qxd4 18. Qc2 Bxg2 19. Kxg2 Rcd8 20. Ra3 Qd7 21. Qd1
Qc8 22. Qf3 Rd6 23. Bd2 Qd7 24. a5 Rd8 25. Re3 Re6 26. Bc3 Bf8 27. Qg4 Rd6 28.
Qxd7 R6xd7 29. Rb3 Kf7 30. g4 Be7 31. Kf3 a6 32. h4 Rg8 33. h5 g6 34. hxg6+
Rxg6 35. Bd2 Bd8 36. Re1 Ke6 37. Rh1 Kd6 38. Ra3 Kc6 39. Be3 Rgg7 1/2-1/2

[Event "6MCRV_F"]
[Site "?"]
[Date "2006.??.??"]
[Round "?"]
[White "Valak, Alois"]
[Black "Kostal, Jindrich"]
[Result "1-0"]
[WhiteElo "2354"]
[BlackElo "2391"]
[PlyCount "103"]
[EventDate "2006.??.??"]
[EventType "corr"]
[SourceDate "2006.09.12"]

1. e4 e5 2. Nf3 Nc6 3. Bc4 Bc5 4. c3 Nf6 5. d3 d6 6. O-O O-O 7. Bg5 h6 8. Bh4
g5 9. Bg3 g4 10. Nh4 Nh5 11. b4 Bb6 12. a4 a5 13. Ng6 Re8 14. Bh4 Qd7 15. b5
Na7 16. Bg3 Nxg3 17. hxg3 c6 18. Qb3 Rb8 19. Nh4 Rd8 20. Nf5 d5 21. Qd1 h5 22.
Qc1 f6 23. Bb3 Qh7 24. c4 Bxf5 25. c5 Bc7 26. b6 Be6 27. bxc7 Qxc7 28. Qh6 Qe7
29. Nd2 b6 30. cxb6 Rxb6 31. f4 Qg7 32. Qxh5 Qh8 33. Qxh8+ Kxh8 34. fxe5 fxe5
35. Rf6 Re8 36. exd5 Bg8 37. Raf1 Kg7 38. Rd6 Re7 39. Rf5 Rb8 40. Rg5+ Kh8 41.
Ne4 Rg7 42. Rxg7 Kxg7 43. Rd7+ Kg6 44. Rxa7 Rxb3 45. dxc6 Rxd3 46. Rxa5 Be6 47.
Rxe5 Bc8 48. Re8 Bf5 49. c7 Rd1+ 50. Kf2 Rc1 51. Rg8+ Kh7 52. Rf8 1-0

[Event "6MCRV_F"]
[Site "?"]
[Date "2006.??.??"]
[Round "?"]
[White "Schwarz, Jan"]
[Black "Jirku, Jaroslav"]
[Result "1/2-1/2"]
[WhiteElo "2286"]
[BlackElo "2278"]
[PlyCount "88"]
[EventDate "2006.??.??"]
[EventType "corr"]
[SourceDate "2006.09.12"]

1. d4 d5 2. Nf3 Nf6 3. c4 e6 4. g3 Be7 5. Bg2 O-O 6. Qc2 c5 7. O-O Nc6 8. dxc5
d4 9. a3 a5 10. Bg5 Nd7 11. Bxe7 Qxe7 12. e3 e5 13. exd4 exd4 14. Re1 Qf6 15.
Nbd2 Nxc5 16. Ne4 Nxe4 17. Qxe4 Be6 18. Rad1 Rfe8 19. b4 axb4 20. axb4 Bd7 21.
Qf4 Qxf4 22. gxf4 Nxb4 23. Nxd4 Rac8 24. Rxe8+ Bxe8 25. Re1 Kf8 26. Nf5 Nd3 27.
Bxb7 Rb8 28. Re3 Nxf4 29. Be4 g6 30. Ng3 f5 31. Rf3 Nh3+ 32. Kg2 Ng5 33. Rf4
Ne6 34. Rf3 Rd8 35. Bd5 Nc7 36. Bb7 Rb8 37. Bd5 Nxd5 38. cxd5 Rd8 39. Rd3 Bc6
40. f4 Kf7 41. Kf2 Rxd5 42. Rxd5 Bxd5 43. Ne2 Kf6 44. Nd4 Be4 1/2-1/2

[Event "6MCRV_F"]
[Site "?"]
[Date "2006.??.??"]
[Round "?"]
[White "Pytlik, Lesek"]
[Black "Schwarz, Jan"]
[Result "1/2-1/2"]
[WhiteElo "2408"]
[BlackElo "2286"]
[PlyCount "90"]
[EventDate "2006.??.??"]
[EventType "corr"]
[SourceDate "2006.09.12"]

1. e4 e5 2. Nf3 Nc6 3. Nc3 Nf6 4. Bb5 Nd4 5. Nxd4 exd4 6. e5 dxc3 7. exf6 Qxf6
8. dxc3 Bc5 9. Qe2+ Qe6 10. O-O Qxe2 11. Bxe2 d6 12. b4 Bb6 13. Bf3 Rb8 14.
Re1+ Be6 15. a4 a5 16. Be3 Bxe3 17. Rxe3 Kd7 18. bxa5 c6 19. Rb1 Kc7 20. Re4
Ra8 21. Bg4 Rhe8 22. Bxe6 Rxe6 23. Reb4 Ra7 24. Kf1 Re7 25. Rb6 h6 26. f3 Re5
27. a6 bxa6 28. Rb8 d5 29. Kf2 Kd6 30. R1b7 Rxb7 31. Rxb7 Re7 32. Rb6 a5 33.
Ra6 Kc5 34. h4 h5 35. Rxa5+ Kc4 36. g4 g6 37. Ra6 c5 38. Rd6 Ra7 39. gxh5 gxh5
40. Ke2 Rxa4 41. Kd2 Ra3 42. Rf6 Rxc3 43. Rxf7 Ra3 44. Rf5 d4 45. Ke2 Re3+
1/2-1/2

[Event "6MCRV_F"]
[Site "?"]
[Date "2006.??.??"]
[Round "?"]
[White "Jirku, Jaroslav"]
[Black "Bucek, Jiri"]
[Result "0-1"]
[WhiteElo "2278"]
[BlackElo "2354"]
[PlyCount "82"]
[EventDate "2006.??.??"]
[EventType "corr"]
[SourceDate "2006.09.12"]

1. e4 c5 2. Nf3 d6 3. d4 cxd4 4. Nxd4 Nf6 5. Nc3 a6 6. Bg5 e6 7. f4 Qb6 8. Nb3
Nbd7 9. Be2 Be7 10. Qd3 Qc7 11. Bf3 Rb8 12. O-O-O b5 13. Kb1 b4 14. Ne2 a5 15.
g4 e5 16. Bxf6 Nxf6 17. g5 Nd7 18. Nbc1 exf4 19. Nxf4 Ne5 20. Nd5 Qd8 21. Qf1
Bxg5 22. Nd3 Ng6 23. Bh5 O-O 24. Qg2 Bb7 25. Bxg6 fxg6 26. Qg4 Bc8 27. Qg3 Bh4
28. Qe3 Rb7 29. Rhf1 Rxf1 30. Rxf1 Be6 31. N3f4 Rf7 32. Rd1 Bg4 33. Rg1 Bd7 34.
Qd3 Qf8 35. Qc4 g5 36. Nh5 Bf2 37. Rd1 Kh8 38. Ng3 Bc5 39. c3 Be6 40. cxb4 axb4
41. Rf1 h5 0-1

[Event "6MCRV_F"]
[Site "?"]
[Date "2006.??.??"]
[Round "?"]
[White "Jirku, Jaroslav"]
[Black "Kuta, Jiri"]
[Result "1/2-1/2"]
[WhiteElo "2278"]
[BlackElo "2308"]
[PlyCount "89"]
[EventDate "2006.??.??"]
[EventType "corr"]
[SourceDate "2006.09.12"]

1. e4 e5 2. Nf3 Nc6 3. Bb5 a6 4. Ba4 Nf6 5. O-O Be7 6. Re1 b5 7. Bb3 O-O 8. c3
d5 9. exd5 Nxd5 10. Nxe5 Nxe5 11. Rxe5 c6 12. d3 Bd6 13. Re1 Bf5 14. Qf3 Qh4
15. g3 Qh3 16. Nd2 Rae8 17. Ne4 Bg4 18. Qg2 Qxg2+ 19. Kxg2 f5 20. h3 Bh5 21.
Bf4 Bxf4 22. gxf4 fxe4 23. dxe4 Bf3+ 24. Kxf3 Rxf4+ 25. Kg3 Rfxe4 26. Rxe4 Rxe4
27. f3 Re2 28. c4 bxc4 29. Bxc4 Rxb2 30. Bxa6 Nf6 31. Kf4 Kf8 32. a4 Ke7 33. a5
Kd6 34. Bd3 Nd5+ 35. Kg3 h6 36. h4 Rb7 37. a6 Ra7 38. f4 Kc7 39. f5 Kb8 40. Be4
Nb4 41. Ra4 Nxa6 42. Bxc6 Nc5 43. Rc4 Ra5 44. Rg4 Ra3+ 45. Kg2 1/2-1/2

[Event "6MCRV_F"]
[Site "?"]
[Date "2006.??.??"]
[Round "?"]
[White "Kostal, Jindrich"]
[Black "Sykora, Josef"]
[Result "1-0"]
[WhiteElo "2391"]
[BlackElo "2374"]
[PlyCount "127"]
[EventDate "2006.??.??"]
[EventType "corr"]
[SourceDate "2006.09.12"]

1. e4 e6 2. d4 d5 3. Nd2 dxe4 4. Nxe4 Bd7 5. Nf3 Bc6 6. Bd3 Nd7 7. O-O Ngf6 8.
Ng3 Be7 9. Re1 O-O 10. c3 Re8 11. Bg5 h6 12. Bxf6 Bxf6 13. Be4 Bxe4 14. Nxe4
Be7 15. Qb3 Rb8 16. Qb5 c6 17. Qh5 Qc7 18. Rad1 Rbd8 19. b4 b6 20. a4 c5 21.
dxc5 bxc5 22. Rxd7 Rxd7 23. Ne5 Rf8 24. Nxd7 Qxd7 25. b5 Rd8 26. Qe2 Qd5 27. c4
Qd3 28. Qxd3 Rxd3 29. a5 f5 30. Ng3 Kf7 31. a6 Bf6 32. Kf1 Bc3 33. Rc1 Ba5 34.
h4 Rd4 35. h5 Rh4 36. Kg1 Kf6 37. Ne2 Bc7 38. f3 Bh2+ 39. Kf2 Bb8 40. Nc3 Ke7
41. Na4 Kd6 42. Rd1+ Ke7 43. Nxc5 Rxc4 44. Rd7+ Kf6 45. Rb7 Bg3+ 46. Kxg3 Rxc5
47. Kf4 e5+ 48. Ke3 Rc3+ 49. Kd2 Rb3 50. Kc2 Rb4 51. Kc3 Rb1 52. Rb8 Ra1 53.
Re8 Ra2 54. Ra8 e4 55. fxe4 fxe4 56. Re8 Ra4 57. Kb3 Ra5 58. Kb4 Ra2 59. Rxe4
Rxg2 60. Rc4 Rb2+ 61. Ka5 g5 62. Rc7 g4 63. Rxa7 g3 64. Rh7 1-0

[Event "6MCRV_F"]
[Site "?"]
[Date "2006.??.??"]
[Round "?"]
[White "Sykora, Josef"]
[Black "Hladecek, Miloslav"]
[Result "1/2-1/2"]
[WhiteElo "2374"]
[BlackElo "2306"]
[PlyCount "109"]
[EventDate "2006.??.??"]
[EventType "corr"]
[SourceDate "2006.09.12"]

1. e4 e6 2. d4 d5 3. e5 c5 4. c3 Nc6 5. Nf3 Qb6 6. a3 Nge7 7. b4 cxd4 8. cxd4
Nf5 9. Be3 f6 10. exf6 gxf6 11. Bd3 Nxe3 12. fxe3 Bh6 13. Qe2 O-O 14. Nc3 Bd7
15. O-O Ne7 16. Kh1 Rac8 17. Nd1 Kh8 18. Nf2 Rg8 19. Rac1 Rxc1 20. Rxc1 a5 21.
Ng1 Be8 22. bxa5 Qxa5 23. Rb1 Qc7 24. Qf3 f5 25. Bf1 Nc8 26. Ne2 Nd6 27. Nf4
Ne4 28. Nxe4 fxe4 29. Nxe6 exf3 30. Nxc7 Bg6 31. Rb2 Rc8 32. Nxd5 Be4 33. Nf4
fxg2+ 34. Nxg2 Bxe3 35. h4 Rf8 36. Bd3 Bc6 37. d5 Bxd5 38. Bc4 Bc6 39. Kh2 Bd4
40. Rd2 Bc5 41. Rd3 Be4 42. Rd2 Bxa3 43. Kg3 Bb4 44. Rd4 Bc6 45. Bb5 Bc5 46.
Bxc6 Bxd4 47. Bxb7 h5 48. Bf3 Kh7 49. Bxh5 Bf2+ 50. Kg4 Kh6 51. Nf4 Rb8 52. Bf7
Rb4 53. Kf5 Bxh4 54. Be8 Rb1 55. Bc6 1/2-1/2

[Event "6MCRV_F"]
[Site "?"]
[Date "2006.??.??"]
[Round "?"]
[White "Hladecek, Miloslav"]
[Black "Kostal, Jindrich"]
[Result "1/2-1/2"]
[WhiteElo "2306"]
[BlackElo "2391"]
[PlyCount "72"]
[EventDate "2006.??.??"]
[EventType "corr"]
[SourceDate "2006.09.12"]

1. e4 e5 2. Nf3 Nc6 3. Bc4 Bc5 4. O-O Nf6 5. d3 d6 6. Nc3 Na5 7. Bb3 a6 8. Be3
Bxe3 9. fxe3 O-O 10. Qe1 c6 11. Nh4 Ng4 12. Rf3 Nxb3 13. axb3 d5 14. Qg3 Nh6
15. Nf5 Bxf5 16. exf5 f6 17. Qf2 Qd6 18. Rh3 b5 19. Rh4 a5 20. Ne2 Qd7 21. Ng3
Rfb8 22. Rf1 a4 23. b4 Qe7 24. Ra1 c5 25. c3 c4 26. dxc4 bxc4 27. Rd1 Rb5 28.
Qe2 Qc7 29. Qf3 Qc6 30. Nh5 Nf7 31. Rg4 Ng5 32. Qe2 Kh8 33. Nxg7 Kxg7 34. h4 h6
35. Rg3 Rh8 36. Ra1 Rb7 1/2-1/2

[Event "6MCRV_F"]
[Site "?"]
[Date "2006.??.??"]
[Round "?"]
[White "Kuchta, Jiri"]
[Black "Sykora, Josef"]
[Result "0-1"]
[WhiteElo "2240"]
[BlackElo "2374"]
[PlyCount "95"]
[EventDate "2006.??.??"]
[EventType "corr"]
[SourceDate "2006.09.12"]

1. Nf3 d5 2. d4 c6 3. c4 e6 4. e3 Nf6 5. Nc3 Nbd7 6. Bd3 dxc4 7. Bxc4 b5 8. Bd3
Bb7 9. a3 b4 10. Ne4 Nxe4 11. Bxe4 bxa3 12. bxa3 Bd6 13. Rb1 Qc7 14. O-O O-O
15. Bd3 c5 16. Ng5 Nf6 17. dxc5 Bxh2+ 18. Kh1 h6 19. Nf3 Bxf3 20. Qxf3 Be5 21.
c6 Rab8 22. Rxb8 Rxb8 23. Ba6 Rb1 24. Bd2 Qb6 25. Be2 Qb2 26. Bb4 Rc1 27. g3
Bc7 28. e4 Rxf1+ 29. Bxf1 Qc1 30. Kg2 Qxc6 31. Bd3 a5 32. Bd2 h5 33. Qe2 Bb6
34. Be1 Qd6 35. a4 Ng4 36. Qd1 g6 37. Qe2 Bc5 38. Bc2 Bb4 39. Bd1 Qd4 40. Bxb4
axb4 41. Bb3 Qc5 42. Qc2 Qe5 43. Qe2 Kg7 44. Bd1 Nf6 45. f3 h4 46. gxh4 Nh5 47.
Qa2 Qd4 48. Qc2 0-1

[Event "6MCRV_F"]
[Site "?"]
[Date "2006.??.??"]
[Round "?"]
[White "Novak, Vratislav"]
[Black "Kuchta, Jiri"]
[Result "1-0"]
[WhiteElo "2267"]
[BlackElo "2240"]
[PlyCount "105"]
[EventDate "2006.??.??"]
[EventType "corr"]
[SourceDate "2006.09.12"]

1. e4 e6 2. d4 d5 3. Nc3 Nf6 4. e5 Nfd7 5. f4 c5 6. Nf3 Nc6 7. Be3 a6 8. Qd2 b5
9. dxc5 Bxc5 10. Bxc5 Nxc5 11. Qf2 Qb6 12. Bd3 Rb8 13. O-O Nxd3 14. Qxb6 Rxb6
15. cxd3 Ke7 16. Rac1 Bd7 17. Kf2 Rc8 18. Ke3 Rb7 19. Ne2 Rbc7 20. h3 f6 21. g4
b4 22. Rc5 fxe5 23. fxe5 a5 24. Rfc1 Ra7 25. Nf4 Raa8 26. Nh5 Kf8 27. d4 h6 28.
Ne1 a4 29. Nd3 Rab8 30. h4 b3 31. a3 Ra8 32. Ndf4 Na5 33. Rf1 Kg8 34. Ng6 Re8
35. Rc7 Nc4+ 36. Kf3 Rad8 37. Rf2 Kh7 38. Nhf4 Nb6 39. Kg3 Rc8 40. Rb7 Rc6 41.
g5 h5 42. Rf3 Rc2 43. Rxb6 Rxb2 44. Nxe6 Bxe6 45. Rxe6 Rxe6 46. Nf8+ Kg8 47.
Nxe6 g6 48. Rf8+ Kh7 49. Rf7+ Kg8 50. Rg7+ Kh8 51. Rb7 Rb1 52. Nf4 b2 53. Nxg6+
1-0

[Event "6MCRV_F"]
[Site "?"]
[Date "2006.??.??"]
[Round "?"]
[White "Pytlik, Lesek"]
[Black "Novak, Vratislav"]
[Result "1-0"]
[WhiteElo "2403"]
[BlackElo "2267"]
[PlyCount "111"]
[EventDate "2006.??.??"]
[EventType "corr"]
[SourceDate "2006.09.12"]

1. Nf3 d5 2. g3 Nf6 3. Bg2 c6 4. O-O Bf5 5. d3 e6 6. Nc3 Nbd7 7. Qe1 Bg6 8. e4
dxe4 9. Nxe4 Nxe4 10. dxe4 Be7 11. Bd2 O-O 12. Ba5 b6 13. Bc3 Qc7 14. Qe2 Bh5
15. a4 Bf6 16. Qe3 Bxc3 17. Qxc3 a5 18. Nd4 Rac8 19. Rfe1 e5 20. Nf5 Nc5 21. b4
Ne6 22. Rab1 Rfd8 23. Rb2 axb4 24. Rxb4 Bg6 25. Reb1 Bxf5 26. exf5 Nd4 27. Qb2
b5 28. c3 c5 29. Rxb5 Nxb5 30. axb5 Qb6 31. c4 Rd4 32. Bd5 Rb8 33. Qe2 Qd6 34.
Qa2 Qb6 35. Re1 Qc7 36. Qa6 Kf8 37. Ra1 Qb6 38. Qxb6 Rxb6 39. Ra8+ Ke7 40. Ra7+
Ke8 41. Bxf7+ Kd8 42. Kf1 Rd7 43. Ra8+ Kc7 44. Bd5 Rb8 45. Rxb8 Kxb8 46. g4 Rd6
47. g5 Rd8 48. f6 gxf6 49. gxf6 Rd6 50. f7 Rf6 51. b6 e4 52. b7 Rf3 53. Ke2 Kc7
54. Bxe4 Rxf7 55. Ke3 Rf6 56. f4 1-0

[Event "6MCRV_F"]
[Site "?"]
[Date "2006.??.??"]
[Round "?"]
[White "Schwarz, Jan"]
[Black "Valak, Alois"]
[Result "0-1"]
[WhiteElo "2286"]
[BlackElo "2354"]
[PlyCount "186"]
[EventDate "2006.??.??"]
[EventType "corr"]
[SourceDate "2006.09.12"]

1. e4 e5 2. Nf3 Nc6 3. Bb5 a6 4. Ba4 Nf6 5. O-O Be7 6. Re1 b5 7. Bb3 O-O 8. c3
d6 9. h3 Bb7 10. d4 Re8 11. Nbd2 exd4 12. cxd4 Na5 13. Bc2 c5 14. d5 Nd7 15.
Rb1 Bf6 16. Nf1 Nc4 17. Ne3 Nde5 18. Nxe5 Nxe5 19. Rf1 Bc8 20. Qh5 Qa5 21. a3
c4 22. Nf5 Bxf5 23. Qxf5 c3 24. b3 b4 25. a4 Qc7 26. Be3 Bd8 27. Rbe1 Qb7 28.
Kh1 a5 29. Qh5 Ng6 30. f4 Rb8 31. Bd3 Bf6 32. Bg1 Rbc8 33. Bb5 Rf8 34. Bc6 Qc7
35. Re2 Ne7 36. Bb5 Ng6 37. g3 Rfd8 38. Rfe1 Nf8 39. Bc6 Nd7 40. Kh2 g6 41. Qf3
Re8 42. Rf1 Bg7 43. Qd3 Re7 44. Qc2 Rce8 45. Bb5 Rc8 46. Rd1 Ree8 47. g4 Rcd8
48. g5 Re7 49. Rf1 f6 50. gxf6 Nxf6 51. Kh1 Rf8 52. Bh2 Ref7 53. Rg2 Qe7 54.
Bd3 Nd7 55. Rg4 Nf6 56. Rgg1 Nd7 57. Rg4 Nf6 58. Rgg1 Nh5 59. Rg4 Kh8 60. Qg2
Bd4 61. h4 Qa7 62. Bb5 Qc5 63. Bd3 Be5 64. Bg1 Qc8 65. f5 Ng7 66. Re1 gxf5 67.
exf5 Re8 68. Rg5 Nxf5 69. Re4 Ne7 70. Rc4 Qb7 71. Rcg4 Ref8 72. Be3 Qc8 73. Qe4
Rg8 74. Kg2 Rxg5 75. Rxg5 Qb7 76. Bc4 Ng6 77. Rg4 Bg7 78. Qe8+ Rf8 79. Qe6 c2
80. h5 Ne5 81. Rf4 Bf6 82. Kh3 Qf7 83. Be2 Qxe6+ 84. dxe6 Rc8 85. Bc1 Bg5 86.
Rf1 Bxc1 87. Rxc1 Kg7 88. Kg2 d5 89. Kf2 d4 90. Bb5 Kf6 91. Ke2 Rc3 92. Kd2 d3
93. Rf1+ Kxe6 0-1